000 00707nab a22002297a 4500
001 22697
003 HDC
007 cr bn ---aaaaa
008 210128c20181108my ||||| |||| 00| 0 may d
040 _aHDC
245 0 _aUSIM tawar latihan halal di China
336 _atext
_2rdacontent
337 _acomputer
_2rdamedia
338 _aonline resource
_2rdacarrier
650 _aHalal industry
_9144
650 _aIndustrial training
_98118
710 _aBerita Harian
856 _zRequest full-text at [email protected]
942 _2lcc
942 _cNEWS
942 _kNWSC 006776
999 _c20013
_d20013